Ricostruisci la Carriera del Calciatore - Gabriel Heinze - Statistics

Statistiche generali
  • Questo quiz è stato fatto 4 volte
  • Il punteggio medio è 2 su 10
Statistiche sulle risposte
Hint Risposta % Corretto
1996-1997 Newell's Old Boys
67%
2011-2012 Roma
67%
2004-2007 Manchester Utd
33%
1997-1998 Real Valladolid
33%
1998-1999 Sporting Lisbona
33%
2012-2014 Newell's Old Boys
0%
2009-2011 Olympique Marsiglia
0%
2001-2004 Paris Saint-Germain
0%
2007-2009 Real Madrid
0%
1999-2001 Real Valladolid
0%
Nessun quiz corrispondente trovato
Distribuzione punteggi
Percentuale di utenti per punteggio
Percentile per numero di risposta
I tuoi punteggi nel tempo
Non hai fatto questo quiz